Going native : a novel /

Bibliographic Details
Main Author: Wright, Stephen, 1946-
Format: Book
Language:English
Published: New York : Farrar, Straus, Giroux, 1994.
Edition:1st ed.
Subjects:

MARC

Tag First Indicator Second Indicator Subfields
LEADER 00000cam a2200000 a 4500
001 in00001165430
005 20151001082408.0
008 930415s1994 nyu 000 1 eng
010 |a  93010944  
020 |a 0374164908 :  |c $22.00 
035 |a (OCoLC)28065971 
035 |9 AGF4798AM 
040 |a DLC  |c DLC  |d TXA  |d UtOrBLW 
049 |a TXAM 
050 0 0 |a PS3573.R5433  |b G6 1994 
082 0 0 |a 813/.54  |2 20 
100 1 |a Wright, Stephen,  |d 1946- 
245 1 0 |a Going native :  |b a novel /  |c Stephen Wright. 
250 |a 1st ed. 
264 1 |a New York :  |b Farrar, Straus, Giroux,  |c 1994. 
300 |a 305 pages ;  |c 24 cm. 
336 |a text  |b txt  |2 rdacontent 
337 |a unmediated  |b n  |2 rdamedia 
338 |a volume  |b nc  |2 rdacarrier 
650 0 |a Men  |x Travel  |z United States  |x Fiction. 
655 7 |a Humorous fiction.  |2 gsafd 
999 |a MARS 
999 f f |s 4642519f-a8a9-3a84-853a-97515901a748  |i 6c23117b-f3a2-3575-940c-f0348e91fca5  |t 0 
952 f f |p ric  |a Texas A&M University  |b Rellis Campus  |c Joint Library Facility  |d Remote Storage  |t 0  |e PS3573.R5433 G6 1994  |h Library of Congress classification  |i unmediated -- volume  |m A14816423629 
998 f f |a PS3573.R5433 G6 1994  |t 0  |l Remote Storage